| 000 | 00371nam a2200145Ia 4500 | ||
|---|---|---|---|
| 008 | 231221s9999 xx 000 0 und d | ||
| 041 | _aEnglish | ||
| 082 | _a621.367 PRA;1 `R' | ||
| 100 | _aPratt, William K | ||
| 245 | 0 | _aDigital image processing(Piks inside) | |
| 250 | _a3rd ed. | ||
| 260 |
_c2001 _bNew York : John Wiley, |
||
| 300 | _axix+735 | ||
| 942 | _cCD | ||
| 999 |
_c202284 _d202284 |
||